01010 2200229 4500001002100000005001500021035002000036001002100056005001500077035002000092245005700112100002200169250001700191300002800208260003900236082001400275084002000289020002200309600001400331520042100345650001400766INLIS00000000000086920250113063732 a0010-0125000042INLIS00000000000085220250109125903 a0010-01250000251 aAyo Mengenal Indonesia :bPapua /cTim Doenia Askara0 aTim Doenia Askara acetakan ke-1 a56 hlm :bIlus ;c21 cm aBekasi :bUranus Publishing,c2011 a912.59836 a912.59836 TIM a a978-602-863-707-7 4ageografis aPernahkah kamu bertemu dengan teman- teman Suku Badui? Apakah kamu pernah men- coba makan ulat sagu? Maukah kamu berkun- jung ke Danau Toba? Mau mendengar kisah awal mula Candi Prambanan? Semua hal itu dapat kamu ketahui di buku AYO MENGENAL INDONESIA ini. Mengunjungi ke-33 provinsi tentu menyenangkan. Apalagi jika kamu melakukannya dalam waktu satu hari. Ayo, menjelajah Nusantara di AYO MENGENAL INDONESIA 4aGeografis